| 000 | 01326cam a2200313 4500 | ||
|---|---|---|---|
| 001 | dressingfliesfor00jorg | ||
| 003 | CaSfIA | ||
| 005 | 20210118003146.0 | ||
| 007 | cr|||| | ||
| 008 | 740219s1973 nyua 00100 eng | ||
| 010 | _a 73088891 | ||
| 020 | _a0883950227 | ||
| 035 | _a(DLC) 73088891 | ||
| 040 |
_aBIBLIOS _dCaSfIA |
||
| 050 | 0 |
_aSH451 _b.J63 |
|
| 082 | _a688.7/9 | ||
| 100 | 1 | 0 | _aJorgensen, Poul. |
| 245 | 1 | 0 |
_aDressing flies for fresh and salt water. _h[electronic resource] _cIllus. by the author. Photos. by Irv Swope. Introd. by Charles K. Fox. |
| 260 | 0 |
_aRockville Center, N.Y., _bFreshet Press _c[1973] |
|
| 300 |
_a192 p. _billus. _c27 cm. |
||
| 350 | _a$12.95 | ||
| 650 | 0 | _aFly tying. | |
| 650 | 0 | _aFlies, Artificial. | |
| 856 | 4 | 1 |
_uhttp://www.archive.org/details/dressingfliesfor00jorg _zFree eBook from the Internet Archive |
| 856 | 4 | 2 |
_uhttp://www.openlibrary.org/books/OL5439609M _zAdditional information and access via Open Library |
| 942 | _cEB | ||
| 506 | _fНеобхідна авторизація на https://archive.org/ (створення облікового запису безкоштовно) | ||
| 506 | _fНеобхідна авторизація на https://openlibrary.org/ (створення облікового запису безкоштовно) | ||
| 999 |
_c490484 _d490484 |
||